000 00275nam a2200133Ia 4500
100 _aChapman/ W.A.J.
490 _vI
942 _cBK
654 _aWorkshop
245 _aWorkshop Technology
260 _bEdward Arnold .
_aLondon
_c1956
546 _aENGLISH
999 _c19358
_d19358